Music Quiz

Random Music or Country Quiz

Please Hello Lyrics Part I: America Quiz Stats

 Plays Quiz not verified by Sporcle

Challenge
Share
Tweet
Embed
Score 0/189 Timer 10:00
0 Plays Today
Answer % Correct
for
93.9%
for
93.9%
for
93.9%
for
93.9%
to
93.9%
you
90.9%
you
90.9%
Be
90.9%
you
90.9%
Please
87.9%
If
87.9%
If
87.9%
If
87.9%
is
87.9%
Please
87.9%
please.
87.9%
like
86.4%
hello,
84.8%
America
84.8%
hello.
84.8%
no,
84.8%
we
84.8%
This
84.8%
we
84.8%
we
84.8%
say
84.8%
hello!
84.8%
This
84.8%
of
84.8%
we
84.8%
and
84.8%
and
84.8%
Say
84.8%
hello!
84.8%
no,
84.8%
of
84.8%
Hello!
84.8%
Hello,
84.8%
too
81.8%
Now
81.8%
can
81.8%
now
81.8%
like
78.8%
so,
78.8%
more
78.8%
more
78.8%
But
78.8%
a
78.8%
But
78.8%
a
78.8%
But
78.8%
a
78.8%
A
78.8%
a
78.8%
Commodore
75.8%
Perry
75.8%
President
75.8%
Fillmore
75.8%
read
75.8%
Commodore
75.8%
Perry
75.8%
very
75.8%
Commodore
75.8%
Answer % Correct
Perry
75.8%
very
75.8%
President
75.8%
Fillmore
75.8%
Last
75.8%
Last
75.8%
with
75.8%
warships.
75.8%
with
75.8%
ships -
75.8%
with
75.8%
can't -
75.8%
can't -
75.8%
Commodore
75.8%
Perry
75.8%
very
75.8%
President
75.8%
Fillmore
75.8%
last,
75.8%
will
75.8%
us
75.8%
Commodore
75.8%
back!
72.7%
send
72.7%
wish
72.7%
bestow.
72.7%
our
72.7%
letter?
72.7%
our
72.7%
letter?
72.7%
merry,
72.7%
still
72.7%
glad.
72.7%
time
72.7%
visit,
72.7%
short.
72.7%
time
72.7%
visit
72.7%
slow.
72.7%
time
72.7%
come,
72.7%
come
72.7%
time
72.7%
port,
72.7%
port
72.7%
one
72.7%
port
72.7%
Maybe
72.7%
Maybe
72.7%
letter
72.7%
let
72.7%
come
72.7%
letter
72.7%
plaque
69.7%
sad.
69.7%
ample
69.7%
dimension.
69.7%
Just
69.7%
later.
69.7%
bring
69.7%
later.
69.7%
big
69.7%
named
69.7%
Answer % Correct
Pierce.
69.7%
At
69.7%
memorial
66.7%
Emperor
66.7%
Emperor
66.7%
commercial
66.7%
intention,
66.7%
harbor
66.7%
invention:
66.7%
'train' -
66.7%
loud
66.7%
salute
66.7%
getting
66.7%
getting
66.7%
Also
63.6%
request
63.6%
called
63.6%
Also
63.6%
so:
63.6%
made,
63.6%
use
60.6%
sport!
60.6%
elevator.
60.6%
confusion
60.6%
below:
60.6%
Good!
60.6%
Goodbye.
60.6%
Goodbye.
60.6%
Goodbye.
60.6%
Goodbye.
60.6%
Goodbye.
60.6%
goodbye.
60.6%
Goodbye.
60.6%
Goodbye.
60.6%
comes
57.6%
many
57.6%
grain
57.6%
shoot
57.6%
agreement
57.6%
again.
57.6%
Only
54.5%
freighter.
54.5%
fun.
54.5%
recent
54.5%
machine
54.5%
cannon
54.5%
fierce.
54.5%
Disregard
54.5%
trade:
54.5%
letting,
54.5%
little
51.5%
kerosene,
51.5%
cement,
51.5%
rent
51.5%
First
51.5%
fancy
51.5%
result
48.5%
mutual
48.5%
pen.
48.5%
Treaty
45.5%
Councillor
39.4%
meet
36.4%
approval?
33.3%

You're not logged in!

Compare scores with friends on all Sporcle quizzes.
Join for Free
OR
Log In

You Might Also Like...

Show Comments

Extras

Top Quizzes Today


Score Distribution

Your Account Isn't Verified!

In order to create a playlist on Sporcle, you need to verify the email address you used during registration. Go to your Sporcle Settings to finish the process.

Report this User

Report this user for behavior that violates our Community Guidelines.

Details: